000 00661nam a2200241Ia 4500
005 20260430150507.0
008 008 250103s9999 xx 000 0 eng d
037 _aTheses
040 _aCRL
040 _beng
040 _ceng
041 _2eng
041 _aeng
084 _qCRL
100 _aYadav Samanta Au.; Gupta Rajeev Gu.
_91237672
245 0 _aRuthenium Complexes of Amide-Based Ligands: Synthesis, Characterization and their Catalytic Applications
260 _c2022
300 _a353p.
650 _aChemistry
700 _aUniversity of Delhi. Faculty of Science. Deptt.of Chemistry
942 _cTH
999 _c1849914
_d1849914